000 00267nam a22001217a 4500
003 SGT
082 _a615
_bP15M
100 _aMAITI,RITUPARNA
245 _aPOST GRADUATE TOPICS IN PHARMACOLOGY
250 _a2ND
260 _aDELHI
_bPARAS MEDICAL
_c2015
942 _2ddc
_cBK
999 _c8492
_d8492